000 00533nam a2200193Ia 4500
003 LK-CoDNM
008 010623t1995 xxu||||| |||| 00| 1 sin d
040 _aLK-CoDNM
_dLK-CoDNM
_eLK-CoDNM
041 _asin
080 _a82.9
_bHEW
100 _aHewamadduma, Amara
245 _aහිතුනේ කඬුව ඔබ අතට ම දෙන්ටා
246 _aHithune kaduwa oba athata ma denta
260 _bS.Godage
_aColombo
_c1995
300 _b216, 21.5 cm
650 _aDrama
650 _aLiterature
942 _cBK
999 _c117427
_d117427